| 000 | 00391nam a2200145 a 4500 | ||
|---|---|---|---|
| 005 | 20140412111418.0 | ||
| 008 | 070807s19uu xx 00 eng d | ||
| 020 | _a0-382-25176-8 | ||
| 050 |
_aKIT 400 _bWOR 1990 |
||
| 245 |
_aWorld of language 1 : _bTeacher Edition 2. |
||
| 260 |
_aU.S.A : _bSilver Burdett Ginn, _c1990. |
||
| 300 | _a415 | ||
| 440 | _aWorld of language | ||
| 999 |
_c105920 _d105920 |
||